| 000 | 01161cam a2200361Ii 4500 | ||
|---|---|---|---|
| 001 | 10639913 | ||
| 003 | ARRUPE | ||
| 005 | 20141004020007.0 | ||
| 008 | 140107s2013 enka b 001 0 eng d | ||
| 010 | _a 2013941081 | ||
| 016 | 7 |
_a016498823 _2Uk |
|
| 020 | _a019968443X (paperback) | ||
| 020 | _a9780199684434 (paperback) | ||
| 035 | _a(OCoLC)ocn830367917 | ||
| 035 | _a(OCoLC)830367917 | ||
| 035 | _a(NNC)10639913 | ||
| 040 |
_aYDXCP _cYDXCP _dUKMGB _dCUD _erda _dSINLB _dOUN |
||
| 082 | 0 | 4 |
_a122 _223 |
| 090 |
_aBD541 _b.M86 2013x |
||
| 100 | 1 |
_aMumford, Stephen, _eauthor. _99831 |
|
| 245 | 1 | 0 |
_aCausation : _ba very short introduction / _cStephen Mumford and Rani Lill Anjum. |
| 250 | _aFirst edition. | ||
| 300 |
_a128 pages : _billustrations ; _c18 cm. |
||
| 490 | 1 |
_aVery short introduction ; _v371 |
|
| 504 | _aIncludes bibliographical references (pages121-123) and index. | ||
| 650 | 0 |
_aCausation. _99832 |
|
| 700 | 1 |
_aAnjum, Rani Lill, _eauthor. _99833 |
|
| 830 | 0 |
_aVery short introductions ; _v371. _99834 |
|
| 942 |
_2lcc _cMONOGRAPH _06 |
||
| 948 | 0 |
_a20140203 _bx _cybp21 _dMPS |
|
| 948 | 1 |
_a20140220 _bc _cjmj2176 _dMPS |
|
| 999 |
_c120398 _d120398 |
||